LEADER 01165nam--2200361---450- 001 990000895480203316 005 20060202120810.0 010 $a88-435-9748-5 035 $a0089548 035 $aUSA010089548 035 $a(ALEPH)000089548USA01 035 $a0089548 100 $a20020122d2001----km-y0itay0103----ba 101 $aita 102 $aIT 105 $aa|||||||001yy 200 1 $a<> natura della natura morta$eda Fox Talbot ai nostri giorni$fa cura di Peter Weiermair 210 $aMilano$cElecta$dcopyr.2001 215 $a179 p.$cill.$d28 cm 300 $aCatalogo della mostra tenuta a Bologna presso la Galleria d'arte moderna nel 2001-2002 606 0 $aNatura morta nella pittura$xEsposizioni$yEuropa 676 $a758 702 1$aWEIERMAIR,$bPeter 912 $a990000895480203316 951 $aXII.2.C. 957(VII P 525 2)$b161680 L.M.$cVII P$d00080466 959 $aBK 969 $aUMA 979 $aPAOLA$b90$c20020122$lUSA01$h1718 979 $c20020403$lUSA01$h1733 979 $aPATRY$b90$c20040406$lUSA01$h1702 979 $aCOPAT5$b90$c20060202$lUSA01$h1208 996 $aNatura della natura morta$9969967 997 $aUNISA LEADER 03426nam 2200601 450 001 9910811589903321 005 20230725021404.0 010 $a1-4411-9392-8 010 $a1-283-08927-0 010 $a9786613089274 010 $a1-4411-9031-7 035 $a(CKB)2560000000073012 035 $a(EBL)686919 035 $a(OCoLC)721194785 035 $a(SSID)ssj0000522672 035 $a(PQKBManifestationID)12195626 035 $a(PQKBTitleCode)TC0000522672 035 $a(PQKBWorkID)10539570 035 $a(PQKB)10636067 035 $a(MiAaPQ)EBC686919 035 $a(MiAaPQ)EBC5309502 035 $a(EXLCZ)992560000000073012 100 $a20180316h20112011 uy 0 101 0 $aeng 135 $aur|n|---||||| 181 $ctxt 182 $cc 183 $acr 200 00$aForgiving and remembering in Northern Ireland $eapproaches to conflict resolution /$fedited by Graham Spencer 210 1$aLondon, [England] ;$aNew York, [New York] :$cContinuum,$d2011. 210 4$dİ2011 215 $a1 online resource (319 p.) 300 $aDescription based upon print version of record. 311 $a1-4411-9547-5 320 $aIncludes bibliographical references. 327 $aContents; Acknowledgements; Foreword; Introduction: Forgiving and Remembering in Northern Ireland; 1 Forgiving: A Doubting Thomas; 2 Reconnecting the Rhetoric and Reality of Forgiving and Remembering; 3 Home Before Dark; 4 Forgiving as Command and Process: The Problem of Destination over Journey; 5 Memory and Forgetting in a Contested Space; 6 Forgiving and Church Responsibility; 7 On Fire with the Justice of God: Re-Reading Romans as a Political Proclamation Towards a Desired Future; 8 Building Space: Regeneration and Reconciliation 327 $a9 Rewriting Our Stories: Narrative, Identity and Forgiveness10 Forgiveness Through Post-Traumatic Growth; 11 The Transformational Possibilities of Forgiveness; 12 Understanding Through Collaboration and Friendship: An Interview with Jo Berry and Patrick Magee; 13 Developing a Forgiving Spirit: A Personal Story; 14 The Possibility of Forgiveness: An Interview with Duncan Morrow; 15 The Struggle to Forgive; 16 The Release and Gift of Forgiving: An Interview with Richard Moore; Conclusion; List of Contributors 330 $aAs Northern Ireland moves from conflict to tentative peace, ongoing violence and unrest underline that the province remains a turbulent and troubled society. This book brings together contributions from those directly affected by the Troubles who work for peace and reconciliation in their communities. The issues they raise are given poignancy and power by being grounded in human experience, and provide a necessary starting point for exploring the tensions which arise in the struggle to reconcile forgiveness and remembrance in order to create a more purposeful and meaningful future. They have i 606 $aConflict management$zNorthern Ireland 606 $aPeace-building$zNorthern Ireland 607 $aNorthern Ireland$xPolitics and government$y1998- 615 0$aConflict management 615 0$aPeace-building 676 $a303.6909416 676 $a941.70824 702 $aSpencer$b Graham 801 0$bMiAaPQ 801 1$bMiAaPQ 801 2$bMiAaPQ 906 $aBOOK 912 $a9910811589903321 996 $aForgiving and remembering in Northern Ireland$94008253 997 $aUNINA